000
00217nam a2200097Ia 4500
008
230508s1985 xx 000 0 und d
041
_a
eng
100
_a
RAO - SITTING
245
_a
DRYDENS OF CH. TECH
260
_c
1985
999
_c
316362
_d
316362